000
00287nam a22000977a 4500
999
_c
529202
_d
529202
082
_a
658.4012 ASW
245
_a
Business Environment for Strategic Management /
_c
K. Aswathappa
260
_a
Bombay:
_b
Himalaya Pub House.
942
_2
ddc
_c
BK